Welcome to WEB OPAC of MRSPTU Central Library

Supply chain management : strategy,planning,and operation (Record no. 5601)

MARC details
000 -LEADER
fixed length control field 00466nam a2200181Ia 4500
008 - FIXED-LENGTH DATA ELEMENTS--GENERAL INFORMATION
fixed length control field 230711s9999||||xx |||||||||||||| ||und||
020 ## - INTERNATIONAL STANDARD BOOK NUMBER
International Standard Book Number 978-81-317-8920-9
041 ## - LANGUAGE CODE
Language code of text/sound track or separate title ENG
082 ## - DEWEY DECIMAL CLASSIFICATION NUMBER
Classification number 658
Item number CH-S
100 ## - MAIN ENTRY--PERSONAL NAME
Personal name Chopra,Sunil
245 #0 - TITLE STATEMENT
Title Supply chain management : strategy,planning,and operation
250 ## - EDITION STATEMENT
Edition statement 5th . Ed.
260 ## - PUBLICATION, DISTRIBUTION, ETC.
Date of publication, distribution, etc. 2013
Place of publication, distribution, etc. New Delhi
Name of publisher, distributor, etc. Pearson
300 ## - PHYSICAL DESCRIPTION
Extent 554
650 ## - SUBJECT ADDED ENTRY--TOPICAL TERM
Topical term or geographic name entry element UNIVESITY BUSNIESS SCHOOL
700 ## - ADDED ENTRY--PERSONAL NAME
Personal name Meindl,Peter
942 ## - ADDED ENTRY ELEMENTS (KOHA)
Koha item type Book
Holdings
Withdrawn status Lost status Damaged status Not for loan Collection Home library Current library Date acquired Total checkouts Full call number Barcode Date last seen Price effective from Koha item type Date last checked out
          MRSPTU Central Library MRSPTU Central Library     658 CH-S 25470 08/17/2023 08/17/2023 Book  
          MRSPTU Central Library MRSPTU Central Library     658 ME-S 14264 08/17/2023 08/17/2023 Book  
          MRSPTU Central Library MRSPTU Central Library     658 ME-S 14265 08/17/2023 08/17/2023 Book  
          MRSPTU Central Library MRSPTU Central Library   2 658 ME-S 14266 11/14/2024 08/17/2023 Book 09/11/2023
          MRSPTU Central Library MRSPTU Central Library     658 CH-S 25471 08/17/2023 08/17/2023 Book  
          MRSPTU Central Library MRSPTU Central Library     658 CH-S 25472 08/17/2023 08/17/2023 Book  
          MRSPTU Central Library MRSPTU Central Library     658 CH-S 25473 08/17/2023 08/17/2023 Book  
          MRSPTU Central Library MRSPTU Central Library     658 CH-S 25474 08/17/2023 08/17/2023 Book  
          MRSPTU Central Library MRSPTU Central Library     658 CH-S 25475 08/17/2023 08/17/2023 Book  
          MRSPTU Central Library MRSPTU Central Library     658 CH-S 25476 08/17/2023 08/17/2023 Book  
          MRSPTU Central Library MRSPTU Central Library   1 658 CH-S 25477 08/14/2024 08/17/2023 Book 09/11/2023
          MRSPTU Central Library MRSPTU Central Library     658 CH-S 25478 08/17/2023 08/17/2023 Book  
          MRSPTU Central Library MRSPTU Central Library     658 CH-S 25479 08/17/2023 08/17/2023 Book  

Website Designed and Developed by MRSPTU Central Library Team

E-mail Id: librarian@mrsptu.ac.in